000
00483nam a2200181Ia 4500
008
090123s9999 xx 000 0 und d
082
_b
9555
_a
891.463/बगे
100
_a
बगे आशा
245
_a
झुंबर
250
_a
1
260
_b
मॅजेस्टिक प्रकाशन
_c
1984
300
_a
151
600
_a
बगे आशा
630
_a
झुंबर
700
_a
बगे आशा
730
_a
झुंबर
942
_c
BOOK
999
_c
47620
_d
47620